书目信息 |
| 题名: |
公民合伙经营
|
|
| 作者: | 赵兵 编著 | |
| 分册: | ||
| 出版信息: | 北京 西苑出版社 1999.03 |
|
| 页数: | 145页 | |
| 开本: | 32开 | |
| 丛书名: | ||
| 单 册: | ||
| 中图分类: | D922.292 | |
| 科图分类: | ||
| 主题词: | 法律--中国 | |
| 电子资源: | ||
| ISBN: | 7-80108-163-3 | |
| 000 | 00543nam0 2200193 45 | |
| 001 | 0104181072 | |
| 005 | 20010418103656.0 | |
| 010 | @a7-80108-163-3@d8.80元 | |
| 100 | @a20010418d1999 km y0chiy0120 ea | |
| 101 | 0 | @achi |
| 105 | @a z 000yy | |
| 200 | 1 | @a公民合伙经营@AGong Min He Huo Jing Ying@f赵兵编著@FZhao Bing Bian Zhu |
| 210 | @a北京@c西苑出版社@d1999.03 | |
| 215 | @a145页@d32开 | |
| 606 | 0 | @a法律@x中国 |
| 690 | @aD922.292@v3 | |
| 701 | 0 | @a赵兵@4编著 |
| 801 | @aCN@bPftUser@c20010418 | |
| 905 | @b339489-493@dD922.292@eZH.521@f5 | |
| 公民合伙经营/赵兵编著.-北京:西苑出版社,1999.03 |
| 145页;32开 |
| ISBN 7-80108-163-3:8.80元 |
| ● |
| 相关链接 |
|
|
|
正题名:公民合伙经营
索取号:D922.292/ZH.521
 
预约/预借
| 序号 | 登录号 | 条形码 | 馆藏地/架位号 | 状态 | 备注 |
| 1 | 339489 | 203394898 | 社科库509/509社科库 87排9列5层/ [索取号:D922.292/ZH.521] | 在馆 | |
| 2 | 339490 | 203394905 | 社科库509/509社科库 87排9列5层/ [索取号:D922.292/ZH.521] | 在馆 | |
| 3 | 339491 | 203394914 | 社科库509/509社科库 87排9列5层/ [索取号:D922.292/ZH.521] | 在馆 | |
| 4 | 339492 | 203394923 | 社科库509/509社科库 87排9列5层/ [索取号:D922.292/ZH.521] | 在馆 | |
| 5 | 339493 | 203394932 | 社科库509/509社科库 87排9列5层/ [索取号:D922.292/ZH.521] | 在馆 |